(39) - 50 villes les plus peuplées du Jura (39) - Statistiques

Statistiques générales
  • Ce quiz a été pris 14 fois
  • Le résultat moyen est 12 sur 50
Statistiques - réponses
nombre d'habitant ville % Correct
16 618 Lons-le-Saunier
100%
23 840 Dole
92%
2 351 Lavans-lès-Saint-Claude
92%
8 386 Saint-Claude
92%
3 114 Arbois
77%
8 036 Champagnole
69%
3 740 Les Rousses
62%
3 976 Poligny
62%
2 456 Morbier
46%
5 032 Hauts de Bienne
38%
2 390 Salins-les-Bains
38%
3 888 Tavaux
38%
2 107 Moirans-en-Montagne
31%
1 551 Perrigny
31%
1 738 Bois-d'Amont
23%
1 426 Clairvaux-les-Lacs
23%
1 095 Mouchard
23%
1 554 Orgelet
23%
2 349 Saint-Amour
23%
1 815 Saint-Laurent-en-Grandvaux
23%
1 481 Beaufort-Orbagna
15%
1 204 Courlaoux
15%
1 287 Cousance
15%
1 112 Foncine-le-Haut
15%
1 025 Macornay
15%
3 261 Montmorot
15%
1 309 Mont-sous-Vaudrey
15%
1 182 Arlay
8%
1 528 Bletterans
8%
1 021 Choisey
8%
2 130 Coteaux du Lizon
8%
2 587 Damparis
8%
2 284 Foucherans
8%
1 871 Saint-Aubin
8%
1 318 Val-Sonnette
8%
1 149 Arinthod
0%
1 460 Champvans
0%
1 113 Chassal-Molinges
0%
1 606 Chaussin
0%
1 314 Dampierre
0%
1 186 Domblans
0%
1 160 Fraisans
0%
971 Hauteroche
0%
1 036 Le Deschaux
0%
1 139 Longchaumois
0%
1 045 Orchamps
0%
993 Parcey
0%
1 056 Petit-Noir
0%
1 265 Prémanon
0%
1 106 Sampans
0%
Aucun quiz correspondant
Distribution des résultats
% des personnes avec chaque résultat
Percentile par nombre de réponses
Votre historique - résultats
Vous n’avez pas pris ce quiz